Statistics for Actor's With "J" in Their Name by Picture

Click here to take the quiz!

General Stats

  • This quiz has been taken 215 times
  • The average score is 10 of 14

Answer Stats

Answer% Correct
Johnny Depp
96%
Jim Carrey
89%
Robert Downey Jr.
89%
Jack Black
88%
Angelina Jolie
87%
Justin Timberlake
82%
Michael B. Jordan
76%
Jeff Goldblum
74%
Jeremy Renner
72%
Judi Dench
72%
Josh Brolin
55%
John Goodman
51%
John Stamos
39%
Jimmy Smits
20%

Score Distribution

Percentile by Number Answered

Percent of People with Each Score

Your Score History

You have not taken this quiz